000 00236nam a2200097Ia 4500
008 120527s9999 xx 000 0 und d
100 _aNELSON,H.Robert.
245 _aReaching for heaven opn earth.
260 _bLittle-field
942 _cBK
999 _c23975
_d23975